| 000 | 00826nam a2200241Ia 4500 | ||
|---|---|---|---|
| 003 | OSt | ||
| 005 | 20220927110343.0 | ||
| 006 | a|||||r|||| 00| 0 | ||
| 007 | ta | ||
| 008 | 220926b |||||||| |||| 00| 0 eng d | ||
| 024 | _a34540 | ||
| 037 | _cReports | ||
| 040 |
_aRTL _cRTL _beng |
||
| 041 |
_2eng _aeng |
||
| 082 | _a"X.252.N62t, K2/GD" | ||
| 110 |
_a"India, Planning (Commission) (Joint Study Team) (1962) (Chairman: B P Patel)" _9376494 |
||
| 245 | 0 | _a"Report of joint study team UP (Eastern district) Ghazipur , Azamgarh, Jaunpur" | |
| 260 |
_aDelhi _bThe Author India _c1964 |
||
| 300 |
_a300p. _ccm. |
||
| 700 |
_a"India, Planning (Commission) (Joint Study Team) (1962) (Chairman: B P Patel)" _9376495 |
||
| 942 |
_h"X.252.N62t, K2/GD" _cCC |
||
| 999 |
_c695719 _d695719 |
||